The Schumpeterian Paradox or the Absence of “Schumpeter Mark II” (notice n° 1743154)
[ vue normale ]
| 000 -LEADER | |
|---|---|
| fixed length control field | 01099cam a2200217 4500500 |
| 005 - DATE AND TIME OF LATEST TRANSACTION | |
| control field | 20260322004806.0 |
| 041 ## - LANGUAGE CODE | |
| Language code of text/sound track or separate title | fre |
| 042 ## - AUTHENTICATION CODE | |
| Authentication code | dc |
| 100 10 - MAIN ENTRY--PERSONAL NAME | |
| Personal name | Munier, Francis |
| Relator term | author |
| 245 00 - TITLE STATEMENT | |
| Title | The Schumpeterian Paradox or the Absence of “Schumpeter Mark II” |
| 260 ## - PUBLICATION, DISTRIBUTION, ETC. | |
| Date of publication, distribution, etc. | 2013.<br/> |
| 500 ## - GENERAL NOTE | |
| General note | 53 |
| 520 ## - SUMMARY, ETC. | |
| Summary, etc. | The Schumpeterian paradox is an interpretation of the neo-Schumpeterians, who consider that the particularity in the thought of J.-A. Schumpeter is a contradiction in the question of the relation between the size of companies and their innovative capacities. We reject this interpretation by showing a true theoretical unit. There is only a “slip” from the methodological point of view, but there, too, nuances must be brought.JEL Codes: B10 |
| 690 ## - LOCAL SUBJECT ADDED ENTRY--TOPICAL TERM (OCLC, RLIN) | |
| Topical term or geographic name as entry element | entrepreneur |
| 690 ## - LOCAL SUBJECT ADDED ENTRY--TOPICAL TERM (OCLC, RLIN) | |
| Topical term or geographic name as entry element | evolution |
| 690 ## - LOCAL SUBJECT ADDED ENTRY--TOPICAL TERM (OCLC, RLIN) | |
| Topical term or geographic name as entry element | innovation |
| 690 ## - LOCAL SUBJECT ADDED ENTRY--TOPICAL TERM (OCLC, RLIN) | |
| Topical term or geographic name as entry element | Schumpeterian paradox |
| 690 ## - LOCAL SUBJECT ADDED ENTRY--TOPICAL TERM (OCLC, RLIN) | |
| Topical term or geographic name as entry element | size of the firms |
| 786 0# - DATA SOURCE ENTRY | |
| Note | Innovations | o 42 | 3 | 2013-08-02 | p. 195-210 | 1267-4982 |
| 856 41 - ELECTRONIC LOCATION AND ACCESS | |
| Uniform Resource Identifier | <a href="https://shs.cairn.info/journal-innovations-2013-3-page-195?lang=en&redirect-ssocas=7080">https://shs.cairn.info/journal-innovations-2013-3-page-195?lang=en&redirect-ssocas=7080</a> |
Pas d'exemplaire disponible.




Réseaux sociaux